MÜSLÜMANLARIN TARİHİ 1 (Record no. 640146)

MARC details
000 -LEADER
sabit uzunluktaki kontrol alanı 00256nam a2200097Ia 4500
001 - KONTROL NUMARASI
kontrol alanı 640146
005 - EN SON İŞLEMİN TARİH VE ZAMANI
kontrol alanı 20250826153442.0
008 - SABİT-UZUNLUKTA VERİ ÖĞELERİ--GENEL BİLGİ
sabit uzunluktaki kontrol alanı 250824s9999 xx 000 0 und d
245 #0 - ESER / YAZAR
ESER ADI MÜSLÜMANLARIN TARİHİ 1
Yazar Adı İHSAN SÜREYYA SIRMA
260 ## - YAYIN, DAĞITIM, VB.
YAYIN EVİ BEYAN YAYINLARI
Holdings
Düşüm durumu Kayıp durumu Hasar Durumu Ödünç verilmez Ana kütüphane Geçerli Kütüphane Edinilen tarih Toplam ödünç verme sayısı Barkod Son görüntüleme tarihi Fiyatın geçerli olmaya başladığı tarih Koha materyal türü
        ABİDİN SANİYE ERÇAL İLKOKULU ABİDİN SANİYE ERÇAL İLKOKULU 24.08.2025   1001385 26.08.2025 26.08.2025 Books